Unified Modeling Language User Guide (Record no. 5979)

MARC details
000 -LEADER
fixed length control field 00324nam a2200133Ia 4500
008 - FIXED-LENGTH DATA ELEMENTS--GENERAL INFORMATION
fixed length control field 191201s2012 xx 000 0 und d
100 ## - MAIN ENTRY--PERSONAL NAME
Personal name BOOCH, Grady
245 #0 - TITLE STATEMENT
Title Unified Modeling Language User Guide
250 ## - EDITION STATEMENT
Edition statement 12 IMP
260 ## - PUBLICATION, DISTRIBUTION, ETC. (IMPRINT)
Place of publication, distribution, etc New Delhi
Name of publisher, distributor, etc Pearson
Date of publication, distribution, etc 2012
300 ## - PHYSICAL DESCRIPTION
Extent 504
650 ## - SUBJECT ADDED ENTRY--TOPICAL TERM
Topical term or geographic name as entry element M.Tech(CSE)
942 ## - ADDED ENTRY ELEMENTS (KOHA)
Source of classification or shelving scheme Dewey Decimal Classification
Koha item type Text Books
Holdings
Withdrawn status Lost status Source of classification or shelving scheme Damaged status Not for loan Collection code Home library Current library Date acquired Source of acquisition Cost, normal purchase price Bill Number Total Checkouts Full call number Acc. no. / Barcode Date last seen Actual Cost, discounted price Bill Date Koha item type Date last borrowed
    Dewey Decimal Classification     B.Tech(CSE) PIET C-LIBRARY PIET C-LIBRARY 07/08/2014 Orange Books International 825.00 4580   005.133 BOU 24711 04/12/2019 577.50 31/07/2014 Text Books  
    Dewey Decimal Classification     B.Tech(CSE) PIET C-LIBRARY PIET C-LIBRARY 07/08/2014 Orange Books International 825.00 4580 1 005.133 BOU 24712 22/12/2023 577.50 31/07/2014 Text Books 11/12/2023
    Dewey Decimal Classification     B.Tech(CSE) PIET C-LIBRARY PIET C-LIBRARY 07/08/2014 Orange Books International 825.00 4580   005.133 BOU 24713 04/12/2019 577.50 31/07/2014 Text Books  
    Dewey Decimal Classification     B.Tech(CSE) PIET C-LIBRARY PIET C-LIBRARY 07/08/2014 Orange Books International 825.00 4580   005.133 BOU 24714 04/12/2019 577.50 31/07/2014 Text Books  

Design & Developed by: PIET Central Library
R70 Miles Stone Pattikalyana Samalkha Panipat 132102
mail ID :- [email protected], Phone No:- 0180-2569700 Ex.216